Danmarks ministre billedquiz - Statistics

General Stats
  • This quiz has been taken 262 times
    125 since last reset
  • The average score is 10 of 23
Answer Stats
Picture Hint Answer % Correct
Statsminister Mette Frederiksen
100%
Udenrigsminister Lars Løkke Rasmussen
93%
Forsvarsminister Jakob Ellemann-Jensen
78%
Miljøminister Magnus Heunicke
67%
Økonomiminister Troels Lund Poulsen
67%
Minister for udviklingssamarbejde og global klimapolitik Dan Jørgensen
63%
Indenrigs- og sundhedsminister Sophie Løhde
63%
Børne- og undervisningsminister Mattias Tesfaye
60%
Finansminister Nicolai Wammen
57%
Justitsminister Peter Hummelgaard Thomsen
48%
Social- og boligminister Pernille Rosenkrantz-Theil
47%
Skatteminister Jeppe Bruus
36%
Udlændinge- og integrationsminister Kaare Dybvad Bek
36%
Kulturminister Jakob Engel-Schmidt
33%
Erhvervsminister Morten Bødskov
32%
Beskæftigelsesminister Ane Halsboe-Jørgensen
31%
Minister for fødevarer, landbrug og fiskeri Jacob Jensen
22%
Transportminister Thomas Danielsen
21%
Uddannelses- og forskningsminister Christina Egelund
17%
Klima-, energi- og forsyningsminister Lars Aagaard
17%
Digitaliseringsminister og minister for ligestilling Marie Bjerre
17%
Ældreminister Mette Kierkgaard
8%
Kirkeminister, minister for landdistrikter og minister for nordisk samarbejde Louise Schack Elholm
6%
No matching quizzes found
Score Distribution
Percent of People with Each Score
Percentile by Number Answered
Your Score History
You have not taken this quiz since the last reset